Tilastot visalle Euroopan maiden pääkaupungit

Klikkaa tästä pelataksesi tätä visaa!

Yleistilastot

  • Tätä visaa on pelattu 39 239 kertaa
    (39 032 viimeisimmän päivityksen jälkeen)
  • Keskiarvotulos 31 / 45

Vastaustilastot

ValtioPääkaupunki% Oikein
SuomiHelsinki
96%
NorjaOslo
94%
RuotsiTukholma
94%
RanskaPariisi
92%
ItaliaRooma
92%
ViroTallinna
91%
Yhdistynyt
kuningaskunta
Lontoo
90%
EspanjaMadrid
90%
IslantiReykjavik
90%
VenäjäMoskova
89%
SaksaBerliini
88%
TanskaKööpenhamina
87%
KreikkaAteena
85%
LatviaRiika
84%
AlankomaatAmsterdam
80%
VatikaaniVatikaani
80%
MonacoMonaco
79%
IrlantiDublin
78%
LuxemburgLuxemburg
78%
LiettuaVilna
77%
ItävaltaWien
77%
BelgiaBryssel
75%
BulgariaSofia
75%
PortugaliLissabon
74%
San MarinoSan Marino
74%
PuolaVarsova
73%
UkrainaKiova
68%
TsekkiPraha
67%
UnkariBudapest
65%
SveitsiBern
62%
Valko-VenäjäMinsk
62%
AndorraAndorra La Vella
60%
RomaniaBukarest
58%
Bosnia ja
Hertsegovina
Sarajevo
48%
MaltaValletta
48%
KroatiaZagreb
48%
AlbaniaTirana
46%
SlovakiaBratislava
45%
SloveniaLjubljana
43%
KosovoPristina
35%
SerbiaBelgrad
34%
Pohjois-MakedoniaSkopje
33%
MoldovaChișinău
32%
LiechtensteinVaduz
32%
MontenegroPodgorica
24%

Tulosjakauma

Persentiili vastausten määrän mukaan

Jokaisen tuloksen saaneiden osuus

Tuloshistoriasi

Et ole pelannut tätä visaa sen viimeisimmän päivityksen jälkeen